000 00386nam a22001457a 4500
999 _c7695
_d7695
003 GBCCL
005 20241126110634.0
008 180911b ||||| |||| 00| 0 eng d
040 _cgbc
082 _aSOU EBC
_b2017
245 _aEBC Missions golden jubilee souvenir:
_b1967-2017
_cE Paukhanlian, Chief editor
260 _c2017.
_aLamka:
_bMiCoGoj
300 _a160p. ;
942 _2ddc
_cARCH